UFC Tournament Winners - Statistics

General Stats
  • This quiz has been taken 30 times
  • The average score is 11 of 23
Answer Stats
Event Fighter % Correct
UFC 1 Royce Gracie
96%
UFC 2 Royce Gracie
96%
UFC 4 Royce Gracie
96%
UFC 8 Don Frye
80%
The Ultimate Ultimate 2 Don Frye
80%
UFC 10 Mark Coleman
68%
UFC 11 Mark Coleman
68%
UFC 5 Dan Severn
64%
The Ultimate Ultimate Dan Severn
64%
UFC 13 (Heavyweight) Randy Couture
52%
UFC 12 (Heavyweight) Vitor Belfort
48%
Ultimate Japan Kazushi Sakuraba
40%
UFC 14 (Light Heavyweight) Kevin Jackson
40%
UFC 14 (Heavyweight) Mark Kerr
32%
UFC 15 Mark Kerr
32%
UFC 6 Oleg Taktarov
28%
UFC 7 Marco Ruas
20%
UFC 3 Steve Jennum
20%
UFC 13 (Light Heavyweight) Guy Mezger
16%
UFC 12 (Light Heavyweight) Jerry Bohlander
16%
UFC 16 Pat Miletich
16%
UFC 23 Kenichi Yamamoto
12%
UFC 17 Dan Henderson
8%
No matching quizzes found
Score Distribution
Percent of People with Each Score
Percentile by Number Answered
Your Score History
You have not taken this quiz